000 00516nam a2200157 i 4500
001 22662
003 ES-MaACL
005 20230906152733.0
007 t|
008 021204s1832 fr ||||1| fre d
100 1 _aAltes, Françoise.
_920532
245 1 0 _aTraité comparatif des monnaises, poids et mesures, changes, banques et fonds publics entre la France, l'Espagne et l'Angleterre /
_cFrançoise Altes.
260 _aMarseille :
_bJ. Barile,
_c1832.
300 _a360 p. ;
_c21 cm.
852 _aES-MaACL
_jC-3373
999 _c22662
_d22662